Nr. 1 Hits in den USA 2001 - Statistiken

Allgemein
  • Dieses Quiz wurde 23 mal gespielt
  • Das Durchschnittsergebnis liegt bei 8 aus 15
Antwortstatistiken
Wochen auf Platz 1 Lied Interpret % Korrekt
5 Wochen Lady Marmalade Christina Aguilera, Lil' Kim,Mýa & Pink
89%
1 Woche Ms. Jackson OutKast
89%
1 Woche Angel Shaggy feat. Rayvon
78%
2 Wochen It Wasn’t Me Shaggy feat. Ricardo'RikRok' Ducent
78%
4 Wochen How You Remind Me Nickelback
72%
6 Wochen Fallin Alicia Keys
67%
11 Wochen Independent Women Destiny’s Child
67%
2 Wochen Bootylicious Destiny’s Child
67%
6 Wochen Family Affair Mary J. Blige
44%
6 Wochen U Got It Bad Usher
44%
4 Wochen U Remind Me Usher
44%
2 Wochen Butterfly Crazy Town
39%
5 Wochen I’m Real Jennifer Lopez feat. Ja Rule
28%
7 Wochen All for You Janet Jackson
17%
4 Wochen Stutter Joe feat. Mystikal
6%
Keine übereinstimmenden Quizze gefunden
Verteilung der Resultate
Anzahl Personen mit jedem Resultat
Perzentil nach korrekt beantworteten Fragen
Ihre Resultats-Entwicklung
Sie haben dieses Quiz noch nicht gespielt